00716nam a2200241 a 4500001001300000003000900013005001700022008004100039020001000080082001500090100002300105245008100128260003600209300000900245500003500254505001000289650002700299700002300326902000800349942000700357952009500364999001500459nice12345678IN_TiNIC20260116011617.0050524s1930 lona grp 000 0 eng  ac10000a226.4bCRE aCreed, John Martin aGospel According to St. Lukeb Greek Text With Introduction, Notes @ Indices aLondonbMacmillan and Co.c1930 a321p aincludes index and biblioraphy2 aIndex aBible N.T. Gospel Luke1 aCreed, John Martin bSRS cBK 00104070aHMIbHMId2007-06-20g100.00l0o226.4 CREp3395r2007-06-20w2026-01-16yARB c2875d2875